Statistics for Monarchs of England and Great Britain

Click here to take the quiz!

General Stats

  • This quiz has been taken 2,327 times
    (2,315 since last reset)
  • The average score is 42 of 60

Answer Stats

Years of RuleAnswerHouse% Correct
975 - 978Edward the MartyrWessex
93%
1558 - 1603Elizabeth ITudor
93%
1100 - 1135Henry INormandy
92%
1154 - 1189Henry IIPlantagenet
91%
1413 - 1422Henry VLancaster
91%
1422 - 1461Henry VI (First Reign)Lancaster
91%
1470 - 1471Henry VI (Second Reign)Lancaster
91%
1216 - 1272Henry IIIPlantagenet
90%
1399 - 1413Henry IVLancaster
90%
1485 - 1509Henry VIITudor
90%
1509 - 1547Henry VIIITudor
90%
1952 - PresentElizabeth IIWindsor
89%
1714 - 1727George IHanover
89%
1066 - 1087William the ConquerorNormandy
89%
1727 - 1760George IIHanover
88%
1307 - 1327Edward IIPlantagenet
87%
1483Edward VYork
87%
1760 - 1820George IIIHanover
87%
1087 - 1100William IINormandy
87%
1547 - 1553Edward VITudor
86%
1820 - 1830George IVHanover
86%
1910 - 1936George VWindsor
86%
1327 - 1377Edward IIIPlantagenet
85%
1461 - 1470Edward IV (First Reign)York
85%
1471 - 1483Edward IV (Second Reign)York
85%
1625 - 1649Charles IStuart
84%
1936 - 1952George VIWindsor
84%
1660 - 1685Charles IIStuart
83%
1837 - 1901VictoriaHanover
83%
1901 - 1910Edward VIISaxe-Coburg
82%
1553 - 1558Mary ITudor
82%
1689 - 1702William IIIStuart
82%
1272 - 1307Edward LongshanksPlantagenet
81%
1603 - 1625James IStuart
81%
1189 - 1199Richard the LionheartPlantagenet
80%
1936Edward VIIIWindsor
79%
1685 - 1688James IIStuart
78%
1377 - 1399Richard IIPlantagenet
78%
1199 - 1216JohnPlantagenet
77%
1483 - 1485Richard IIIYork
76%
1830 - 1837William IVHanover
76%
1689 - 1694Mary IIStuart
73%
1702 - 1714AnneStuart
70%
1135 - 1154StephenBlois
65%
978 - 1013Ethelred the Unready (First Reign)Wessex
38%
1014 - 1016Ethelred the Unready (Second Reign)Wessex
38%
1042 - 1066Edward the ConfessorWessex
37%
1016 - 1035CnutKnýtlinga
35%
1066Harold GodwinsonWessex
34%
1554 - 1558Philip (Husband of Mary)Tudor
34%
927 - 939EthelstanWessex
27%
959 - 975Edgar the PeacefulWessex
26%
939 - 946Edmund IWessex
26%
1040 - 1042HarthacnutKnýtlinga
22%
1013 - 1014Sweyn ForkbeardKnýtlinga
22%
955 - 959EadwigWessex
20%
1035 - 1040Harold HarefootKnýtlinga
20%
946 - 955EadredWessex
19%
1016Edmund IronsideWessex
19%
1653 - 1659CommonwealthCommonwealth
18%

Score Distribution

Percentile by Number Answered

Percent of People with Each Score

Your Score History

You have not taken this quiz since the last reset